[Event "World Rapid 2019"]
[Site "Moscow RUS"]
[Date "2019.12.28"]
[Round "13.33"]
[White "Predke, Alexandr"]
[Black "Jumabayev, Rinat"]
[Result "1/2-1/2"]
[WhiteTitle "GM"]
[BlackTitle "GM"]
[WhiteElo "2676"]
[BlackElo "2646"]
[WhiteFideId "24107581"]
[BlackFideId "13702661"]
[EventDate "2019.12.26"]

1. e4 e6 2. d4 d5 3. Nc3 Nf6 4. Qd3 dxe4 5. Nxe4 Nxe4 6. Qxe4 Qd5 7. Bd3 Nc6 8.
c3 Qxe4+ 9. Bxe4 Bd6 10. Nf3 Bd7 11. Bd2 Ne7 12. O-O-O Bc6 13. Rhe1 Bxe4 14.
Rxe4 O-O-O 15. h4 h5 16. Bg5 Rd7 17. Ne5 Bxe5 18. dxe5 Nf5 19. a4 a6 20. Rde1
Rd5 21. Kc2 Rf8 22. g3 b5 23. Rg1 Kd7 24. f3 Ne7 25. Be3 Nc6 26. f4 Ne7 27. axb5
axb5 28. Ra1 Rb8 29. Bf2 Kc8 30. b3 Nc6 31. Ree1 Kb7 32. b4 Rbd8 33. Re2 Rd3 34.
Be3 R8d5 35. Ree1 Kb8 36. Re2 Kb7 37. Ree1 1/2-1/2

[Event "World Rapid 2019"]
[Site "Moscow RUS"]
[Date "2019.12.28"]
[Round "13.34"]
[White "Nihal, Sarin"]
[Black "Najer, Evgeniy"]
[Result "1/2-1/2"]
[WhiteTitle "GM"]
[BlackTitle "GM"]
[WhiteElo "2612"]
[BlackElo "2661"]
[WhiteFideId "25092340"]
[BlackFideId "4118987"]
[EventDate "2019.12.26"]

1. d4 Nf6 2. Bf4 c5 3. e3 Nd5 4. Bxb8 Rxb8 5. c3 e6 6. Nf3 b5 7. Nbd2 b4 8. c4
Nf6 9. Bd3 Bb7 10. O-O Qc7 11. Qc2 Be7 12. b3 Rc8 13. Rad1 g6 14. dxc5 Qxc5 15.
Ne4 Nxe4 16. Bxe4 d5 17. Qb2 O-O 18. cxd5 exd5 19. Bd3 Qb6 20. Rc1 Bf6 21. Nd4
Rxc1 22. Rxc1 Rc8 23. Rxc8+ Bxc8 24. Qc2 Bd7 25. Ne2 Qd6 26. h3 Kf8 27. Nd4 Kg7
28. Ne2 h5 29. Qc1 h4 30. Qc2 Be5 31. Qd2 Qc5 32. Qc2 Qxc2 33. Bxc2 Kf6 34. f3
Bb5 35. Kf2 g5 36. Bb1 Ke7 37. Ke1 Kd6 38. Kd2 Kc5 39. Bd3 Bd7 40. Ba6 Bf5 41.
Bd3 Bc8 42. Bb1 Bd7 43. Bd3 a5 44. Bc2 Bb2 45. Kd3 Bb5+ 46. Kd2 d4 47. exd4+
Bxd4 48. Bd3 Bd7 49. Bc4 f6 50. Bd3 a4 51. bxa4 Bxa4 52. Bc2 Bb5 53. Bd3 Bd7 54.
Bc2 Bf2 55. Nc1 Bg3 56. Nd3+ Kb5 57. Bb3 Bf5 58. Ke3 Bb8 59. Ke2 Ba7 60. Bc2 Bc8
61. Bb3 Bd4 62. Kd2 Bf5 63. Ke2 Bc8 64. Kd2 f5 65. Ke2 g4 66. fxg4 fxg4 67. hxg4
Bxg4+ 68. Kf1 Bf5 69. Bc2 Bc8 70. Bb3 Bb7 71. Nf4 Be4 72. Ne6 Bd3+ 73. Ke1 Be3
74. Nc7+ Kc5 75. Nd5 Bg5 76. Nc7 Kd6 77. Nd5 Be4 78. Nxb4 Bxg2 79. Kf2 h3 80.
Bd5 Bxd5 81. Nxd5 1/2-1/2

[Event "World Rapid 2019"]
[Site "Moscow RUS"]
[Date "2019.12.28"]
[Round "13.36"]
[White "Gareyev, Timur"]
[Black "Jakovenko, Dmitry"]
[Result "1-0"]
[WhiteTitle "GM"]
[BlackTitle "GM"]
[WhiteElo "2598"]
[BlackElo "2698"]
[WhiteFideId "14200937"]
[BlackFideId "4122356"]
[EventDate "2019.12.26"]

1. d4 Nf6 2. c4 e6 3. Nc3 Bb4 4. Qc2 O-O 5. a3 Bxc3+ 6. Qxc3 d6 7. Nf3 b6 8. Bg5
Bb7 9. e3 Nbd7 10. Nd2 Rc8 11. b4 c5 12. Be2 h6 13. Bh4 Bxg2 14. Rg1 Bb7 15.
dxc5 bxc5 16. Nb3 Kh8 17. O-O-O cxb4 18. axb4 Ne5 19. Nc5 Ba8 20. Bg3 Qe7 21.
Rxd6 Ng6 22. Ra6 e5 23. Bd3 Rxc5 24. bxc5 Ne4 25. Qa3 Nxc5 26. Bxg6 fxg6 27.
Rxa7 Bb7 28. Rd1 Qe6 29. Qxc5 Rc8 30. Qb5 Rxc4+ 31. Kb2 Be4 32. Rd2 Qc8 33. Bxe5
Rc2+ 34. Rxc2 Qxc2+ 35. Ka3 1-0

[Event "World Rapid 2019"]
[Site "Moscow RUS"]
[Date "2019.12.28"]
[Round "13.37"]
[White "Wojtaszek, Radoslaw"]
[Black "Zvjaginsev, Vadim"]
[Result "1-0"]
[WhiteTitle "GM"]
[BlackTitle "GM"]
[WhiteElo "2725"]
[BlackElo "2627"]
[WhiteFideId "1118358"]
[BlackFideId "4113403"]
[EventDate "2019.12.26"]

1. d4 d5 2. c4 e6 3. Nc3 Nf6 4. Nf3 Nbd7 5. Qc2 c5 6. cxd5 Nxd5 7. Nxd5 exd5 8.
g3 cxd4 9. Nxd4 Qb6 10. Nb3 Qg6 11. Qxg6 hxg6 12. Bg2 Bb4+ 13. Bd2 Bxd2+ 14.
Kxd2 Nb6 15. Rac1 Nc4+ 16. Kc3 Be6 17. Nc5 Nd6 18. Kd4 g5 19. a4 Ke7 20. Nxe6
fxe6 21. Rc7+ Kf6 22. h3 a5 23. Rhc1 Rhd8 24. R1c3 b5 25. Rf3+ Kg6 26. Rc6 bxa4
27. Ke5 Nc4+ 28. Kxe6 Ra7 29. Rd3 Kh7 30. Rxc4 Ra6+ 1-0

[Event "World Rapid 2019"]
[Site "Moscow RUS"]
[Date "2019.12.28"]
[Round "13.38"]
[White "Petrosian, Tigran L."]
[Black "Sanal, Vahap"]
[Result "0-1"]
[WhiteTitle "GM"]
[BlackTitle "GM"]
[WhiteElo "2601"]
[BlackElo "2549"]
[WhiteFideId "13301616"]
[BlackFideId "6300545"]
[EventDate "2019.12.26"]

1. Nf3 Nf6 2. g3 d5 3. Bg2 e6 4. O-O Be7 5. d3 O-O 6. Nbd2 Nc6 7. e4 dxe4 8.
dxe4 e5 9. c3 a5 10. Qc2 Bc5 11. Nc4 Qe7 12. Nh4 Qe6 13. Ne3 Ne7 14. Rd1 g6 15.
Nf3 Bd7 16. c4 Rfc8 17. b3 Nc6 18. Bb2 Bxe3 19. fxe3 Qe7 20. h3 Re8 21. Kh2 Rad8
22. a3 Qc5 23. Rd3 Bc8 24. Re1 Rxd3 25. Qxd3 b6 26. Rd1 Bb7 27. g4 h6 28. Rf1
Rd8 29. Qc3 Nxe4 30. Qc2 Qxe3 31. Bc1 Qd3 32. Qxd3 Rxd3 33. Bxh6 Rxb3 34. Re1
Nd6 35. c5 bxc5 36. Nxe5 Nxe5 37. Bxb7 Nxg4+ 38. hxg4 Rxb7 39. Re5 Rb2+ 40. Kh3
Rb3+ 41. Kh4 f6 42. Re7 Nf7 43. Be3 Ne5 44. Bh6 g5+ 45. Bxg5 Ng6+ 0-1

[Event "World Rapid 2019"]
[Site "Moscow RUS"]
[Date "2019.12.28"]
[Round "13.39"]
[White "Iturrizaga Bonelli, Eduardo"]
[Black "Meier, Georg"]
[Result "1/2-1/2"]
[WhiteTitle "GM"]
[BlackTitle "GM"]
[WhiteElo "2597"]
[BlackElo "2626"]
[WhiteFideId "3901211"]
[BlackFideId "4675789"]
[EventDate "2019.12.26"]

1. c4 b6 2. Nc3 Bb7 3. d4 e6 4. a3 Nf6 5. Bf4 d5 6. Nf3 Bd6 7. Bg3 O-O 8. e3
Nbd7 9. Bd3 dxc4 10. Bxc4 h6 11. Qe2 Bxg3 12. hxg3 c5 13. O-O Qe7 14. Rfd1 Rad8
15. Rac1 g6 16. Ba2 Kg7 17. Rd2 e5 18. dxe5 Nxe5 19. Rcd1 Rxd2 20. Rxd2 Nxf3+
21. gxf3 Rd8 22. e4 Rxd2 23. Qxd2 a6 24. a4 h5 25. Qf4 Bc6 26. Bc4 Qb7 27. Qe5
b5 28. Nd5 Bxd5 29. Bxd5 Qd7 30. a5 c4 31. Kg2 Qd8 32. g4 hxg4 33. fxg4 Kf8 34.
g5 Ne8 35. Qh8+ Ke7 36. Qh7 Kd6 37. f4 Qxa5 38. Qxf7 Qd2+ 39. Kg3 Qe3+ 40. Kg2 1/2-1/2

[Event "World Rapid 2019"]
[Site "Moscow RUS"]
[Date "2019.12.28"]
[Round "13.40"]
[White "Jobava, Baadur"]
[Black "Yuffa, Daniil"]
[Result "1/2-1/2"]
[WhiteTitle "GM"]
[BlackTitle "GM"]
[WhiteElo "2604"]
[BlackElo "2566"]
[WhiteFideId "13601520"]
[BlackFideId "24131423"]
[EventDate "2019.12.26"]

1. d4 Nf6 2. Bg5 d5 3. e3 c5 4. dxc5 Ne4 5. Bh4 Nc6 6. f3 Nxc5 7. Nc3 Be6 8.
Nge2 g6 9. Qd2 Bg7 10. O-O-O Qb6 11. Nd4 O-O 12. Kb1 Rac8 13. Bf2 Rfd8 14. h4 h6
15. Be2 Qa5 16. Rhe1 Na4 17. Nxa4 Qxa4 18. Bb5 Qb4 19. Qxb4 Nxb4 20. Nxe6 fxe6
21. c3 a6 22. Ba4 Nc6 23. e4 Kf8 24. Bb3 dxe4 25. Rxe4 Rxd1+ 26. Bxd1 Rd8 27.
Kc2 Kf7 28. Be2 Rc8 29. a4 Ne5 30. Bd4 Nc6 31. Be3 Bf6 32. Bc4 Ne5 33. Ba2 g5
34. hxg5 hxg5 35. Bd4 1/2-1/2

[Event "World Rapid 2019"]
[Site "Moscow RUS"]
[Date "2019.12.28"]
[Round "13.41"]
[White "Pashikian, Arman"]
[Black "Zhigalko, Sergei"]
[Result "1-0"]
[WhiteTitle "GM"]
[BlackTitle "GM"]
[WhiteElo "2605"]
[BlackElo "2571"]
[WhiteFideId "13301578"]
[BlackFideId "13502956"]
[EventDate "2019.12.26"]

1. d4 Nf6 2. c4 e6 3. Nf3 b6 4. g3 Ba6 5. b3 Bb4+ 6. Bd2 Be7 7. Nc3 O-O 8. Bg2
c6 9. e4 d5 10. exd5 cxd5 11. Ne5 Bb7 12. O-O Nc6 13. Bf4 Rc8 14. Rc1 Ba3 15.
Rb1 Bb4 16. Ne2 h6 17. Nd3 Be7 18. c5 a5 19. a3 bxc5 20. dxc5 g5 21. Be3 e5 22.
b4 d4 23. Bxd4 exd4 24. b5 Re8 25. bxc6 Bxc6 26. Bxc6 Rxc6 27. Qa4 Re6 28. Nec1
Ne4 29. Rb5 Nd2 30. Qxa5 Qd5 31. Qxd2 1-0

[Event "World Rapid 2019"]
[Site "Moscow RUS"]
[Date "2019.12.28"]
[Round "13.42"]
[White "Alekseenko, Kirill"]
[Black "Paravyan, David"]
[Result "0-1"]
[WhiteTitle "GM"]
[BlackTitle "GM"]
[WhiteElo "2704"]
[BlackElo "2629"]
[WhiteFideId "4135539"]
[BlackFideId "4194985"]
[EventDate "2019.12.26"]

1. e4 e5 2. Nf3 Nc6 3. Bc4 d6 4. d3 Na5 5. Nc3 Nxc4 6. dxc4 Nf6 7. Be3 b6 8. h3
Be7 9. Qd3 O-O 10. O-O-O a6 11. a4 c6 12. g4 b5 13. c5 b4 14. Nb1 d5 15. Nxe5
Qc7 16. Bf4 Nxe4 17. Ng6 Bg5 18. Bxg5 fxg6 19. Be3 Nxf2 20. Bxf2 Rxf2 21. Rhf1
Rxf1 22. Rxf1 Qe7 23. Qd4 a5 24. Kd1 Bd7 25. Re1 Qh4 26. Qd3 Qf2 27. Qe3 Qf6 28.
c3 h5 29. gxh5 gxh5 30. Nd2 bxc3 31. bxc3 Qh4 32. c4 Re8 33. Qg1 dxc4 34. Rxe8+
Bxe8 35. Qe3 Bg6 36. Qe6+ Kh7 37. Nxc4 Qd4+ 38. Ke1 Qg1+ 39. Ke2 Qxc5 40. h4 Qd4
41. Ne5 Qe4+ 42. Kd2 Bf5 43. Qe8 Qd4+ 44. Kc1 Qf4+ 45. Kd1 Qxh4 46. Nf7 Qxa4+
47. Ke1 Qb4+ 48. Kf2 Qd2+ 49. Kg3 h4+ 50. Kf3 h3 51. Qh8+ Kg6 52. Ne5+ Kf6 53.
Qh4+ Qg5 0-1

[Event "World Rapid 2019"]
[Site "Moscow RUS"]
[Date "2019.12.28"]
[Round "13.43"]
[White "Kobalia, Mikhail"]
[Black "Chigaev, Maksim"]
[Result "1/2-1/2"]
[WhiteTitle "GM"]
[BlackTitle "GM"]
[WhiteElo "2609"]
[BlackElo "2631"]
[WhiteFideId "4119150"]
[BlackFideId "4108116"]
[EventDate "2019.12.26"]

1. e4 g6 2. d4 Bg7 3. Nf3 d6 4. Bc4 e6 5. Bb3 Ne7 6. O-O Nd7 7. c3 b6 8. Re1 h6
9. Nbd2 Bb7 10. Nf1 a6 11. Ng3 Kf8 12. h3 Kg8 13. Be3 Kh7 14. Bc2 Rf8 15. Qd2 f5
16. Bg5 Nf6 17. e5 dxe5 18. Bxf6 Bxf6 19. Nxe5 Bg5 20. Qd1 Nd5 21. Nxg6 Kxg6 22.
Rxe6+ Kg7 23. Nxf5+ Rxf5 24. Bxf5 Nf4 25. Re5 Bxg2 26. Kh2 Qf6 27. h4 Bxh4 28.
Qg4+ Qg5 29. Rg1 Qxg4 30. Bxg4 Bxf2 31. Rxg2 Nxg2 32. Kxg2 1/2-1/2

[Event "World Rapid 2019"]
[Site "Moscow RUS"]
[Date "2019.12.28"]
[Round "13.44"]
[White "Bocharov, Dmitry"]
[Black "Tsoi, Dmitry"]
[Result "1/2-1/2"]
[WhiteTitle "GM"]
[BlackTitle "FM"]
[WhiteElo "2524"]
[BlackElo "2321"]
[WhiteFideId "4138716"]
[BlackFideId "24194697"]
[EventDate "2019.12.26"]

1. d4 f5 2. Nf3 Nf6 3. c4 e6 4. g3 d5 5. Bg2 c6 6. O-O Bd6 7. Nbd2 O-O 8. Qc2
Qe7 9. Ne1 Nbd7 10. Nd3 Ne4 11. Nf3 b6 12. b4 Ba6 13. c5 bxc5 14. bxc5 Bc7 15.
Nb4 Bb7 16. Rb1 Rab8 17. Bf4 e5 18. Nxe5 Nxe5 19. Bxe5 Bxe5 20. dxe5 Qxe5 21.
Rb3 Qc7 22. Rfb1 a5 23. Nd3 Ba6 24. Rb6 Bxd3 25. exd3 Nf6 26. Qa4 Nd7 27. Rxb8
Rxb8 28. Rxb8+ Nxb8 29. Bxd5+ Kf8 30. Bb3 Nd7 31. Qd4 Nf6 32. Be6 f4 33. gxf4
Ke7 34. Qe3 Kf8 35. Qe5 Qxe5 36. fxe5 Nh5 37. d4 Nf4 38. Bc4 Ke7 39. f3 g6 40.
Kf2 Nh5 41. Ke3 Ng7 42. Ke4 Nf5 43. f4 Ke8 44. Bb3 Ne7 45. Be6 Kd8 46. h4 Ke8
47. h5 gxh5 48. f5 h4 49. f6 Ng6 50. Bf5 Kf7 51. Bd7 1/2-1/2

[Event "World Rapid 2019"]
[Site "Moscow RUS"]
[Date "2019.12.28"]
[Round "13.45"]
[White "Indjic, Aleksandar"]
[Black "Vallejo Pons, Francisco"]
[Result "0-1"]
[WhiteTitle "GM"]
[BlackTitle "GM"]
[WhiteElo "2619"]
[BlackElo "2704"]
[WhiteFideId "911925"]
[BlackFideId "2205530"]
[EventDate "2019.12.26"]

1. Nf3 d5 2. e3 Nf6 3. c4 e6 4. Nc3 Be7 5. b3 O-O 6. Bb2 c5 7. cxd5 Nxd5 8. h4
Nc6 9. Qb1 Nb6 10. Bd3 f5 11. g4 Nb4 12. Be2 e5 13. a3 Nc6 14. gxf5 Bxf5 15. d3
Bg4 16. Ng5 Bxe2 17. Kxe2 Bxg5 18. hxg5 Qxg5 19. Qg1 Qf5 20. Qg2 c4 21. bxc4
Nxc4 22. Rag1 Rf7 23. Ba1 Rd8 24. Ne4 Nxa3 25. f4 Nc2 26. Bc3 Qd7 27. Nc5 Qd6
28. Rxh7 Kxh7 29. Rh1+ Kg8 30. Qh3 Qh6 31. Qg2 Nxe3 32. Kxe3 Qxf4+ 33. Ke2 Nd4+
34. Bxd4 Qxd4 35. Qh3 Qf2+ 36. Kd1 Qf3+ 0-1

[Event "World Rapid 2019"]
[Site "Moscow RUS"]
[Date "2019.12.28"]
[Round "13.46"]
[White "Vitiugov, Nikita"]
[Black "Salgado Lopez, Ivan"]
[Result "0-1"]
[WhiteTitle "GM"]
[BlackTitle "GM"]
[WhiteElo "2747"]
[BlackElo "2605"]
[WhiteFideId "4152956"]
[BlackFideId "2257327"]
[EventDate "2019.12.26"]

1. c4 b6 2. d4 e6 3. e4 Bb4+ 4. Bd2 Bxd2+ 5. Qxd2 d5 6. cxd5 exd5 7. e5 Ne7 8.
Nc3 O-O 9. Bd3 c5 10. Nge2 Nbc6 11. f4 f6 12. exf6 Rxf6 13. O-O c4 14. Bc2 a6
15. Ng3 Nf5 16. Nce2 b5 17. Rae1 Qb6 18. Kh1 Nxg3+ 19. Nxg3 Bd7 20. Bb1 Raf8 21.
f5 Qxd4 22. Qg5 h6 23. Qc1 Be8 24. Ne2 Qc5 25. Nf4 Bf7 26. Nd3 Qd6 27. Nf2 Re8
28. Ng4 Rxe1 29. Rxe1 d4 30. Be4 d3 31. Qd2 Nd4 32. Qc3 Rxf5 33. Bxf5 Nxf5 34.
Nf2 Qf4 35. Ne4 Bd5 36. Qd2 Qg4 37. h3 Qh4 38. Qf2 Bxe4 39. Qxh4 Nxh4 40. Rxe4
Nf5 41. Kg1 Kf7 42. Re5 Kf6 43. Rd5 Ne3 44. Rd8 Nd1 45. b3 Nb2 46. bxc4 bxc4 47.
Kf2 c3 48. Ke3 d2 0-1

[Event "World Rapid 2019"]
[Site "Moscow RUS"]
[Date "2019.12.28"]
[Round "13.47"]
[White "Laznicka, Viktor"]
[Black "Kezin, Roman"]
[Result "1-0"]
[WhiteTitle "GM"]
[BlackTitle "IM"]
[WhiteElo "2648"]
[BlackElo "2470"]
[WhiteFideId "316385"]
[BlackFideId "24124621"]
[EventDate "2019.12.26"]

1. d4 d5 2. c4 e6 3. Nf3 Nf6 4. e3 b6 5. cxd5 exd5 6. Nc3 Bb7 7. g3 Bd6 8. Bg2
O-O 9. O-O Nbd7 10. b3 a6 11. Bb2 Qe7 12. Rc1 Rac8 13. Nh4 g6 14. Nf3 Rfd8 15.
Qe2 c5 16. dxc5 bxc5 17. Rfd1 Nb6 18. Ba1 Re8 19. Qc2 d4 20. exd4 cxd4 21. Rxd4
Bc5 22. Rf4 Nbd5 23. Nxd5 Bxf2+ 24. Kh1 Nxd5 25. Rc4 Bb6 26. Qb2 f6 27. Rxc8
Rxc8 28. Rxc8+ Bxc8 29. Qc1 Bb7 30. Nd4 Kg7 31. h3 Kg8 32. Kh2 Qd6 33. Qc4 Bc7
34. Ne2 Kg7 35. Bd4 a5 36. Kg1 Bb6 37. Bxb6 Qxb6+ 38. Qd4 Qe6 39. Bf3 Bc6 40.
Kf2 Nb4 41. Nf4 Qe7 42. Bxc6 Nxc6 43. Qd5 Ne5 44. Qxa5 g5 45. Qc7 Nd3+ 46. Kf3
Qxc7 47. Ne6+ Kf7 48. Nxc7 Nc1 49. b4 Nxa2 50. b5 Nb4 51. b6 Nc6 52. b7 Nb8 53.
Ke4 Kg6 54. g4 h5 55. Nd5 hxg4 56. hxg4 Nd7 57. Kd4 Kf7 58. Ne3 Ke7 59. Kd5 Nb8
60. Kc5 Kd7 61. Kb6 Ke6 62. Kc7 Nd7 63. Kc8 Kd6 64. Nf5+ Kc6 65. Ne7+ Kd6 66.
Nf5+ Kc6 67. Ne7+ Kd6 68. Nd5 f5 69. Nf6 1-0

[Event "World Rapid 2019"]
[Site "Moscow RUS"]
[Date "2019.12.28"]
[Round "13.48"]
[White "Sethuraman, S.P."]
[Black "Adly, Ahmed"]
[Result "1/2-1/2"]
[WhiteTitle "GM"]
[BlackTitle "GM"]
[WhiteElo "2638"]
[BlackElo "2607"]
[WhiteFideId "5021596"]
[BlackFideId "10601619"]
[EventDate "2019.12.26"]

1. e4 c5 2. Nf3 Nf6 3. e5 Nd5 4. Nc3 Nxc3 5. dxc3 Nc6 6. Bc4 Qc7 7. Bf4 e6 8.
Qd2 h6 9. h4 Rb8 10. h5 b5 11. Be2 Ne7 12. Bg3 Bb7 13. a4 bxa4 14. Rxa4 Bc6 15.
Ra2 Nf5 16. Bf4 d5 17. O-O Be7 18. Rfa1 Ra8 19. b4 O-O 20. b5 Bd7 21. c4 dxc4
22. Bxc4 Rfd8 23. Qe2 Be8 24. Bd3 c4 25. Be4 Bxb5 26. Bxa8 Rxa8 27. g4 Nh4 28.
Nxh4 Bxh4 29. Rb1 Qc6 30. c3 Ba4 31. Rba1 Bb5 32. Rxa7 Rxa7 33. Rxa7 Qd5 34. Rc7
Bc6 35. Rxc6 Qxc6 36. f3 Qd5 37. Kg2 Bd8 38. Qd2 Ba5 39. Kf2 Qc5+ 40. Qd4 Qb5
41. Kg3 Bb6 42. Qe4 Qd5 43. Qb1 Qc5 44. Qe1 Qd5 45. Qb1 Bc7 46. Qe1 Qd3 47. Kg2
Kh7 48. Kg3 g5 49. hxg6+ fxg6 50. Qh1 g5 51. Bxg5 Bxe5+ 52. Bf4 Bxf4+ 53. Kxf4
Qxc3 54. Qh5 Qd4+ 55. Kg3 Kg7 56. Qa5 c3 57. Qc7+ Kf6 58. Qc8 Ke5 59. Qc7+ Kd5
60. Qd7+ Kc5 61. Qa7+ Kc4 62. Qa4+ Kd3 63. Qd1+ Kc4 64. Qa4+ Kc5 65. Qa7+ Kc4
66. Qa4+ Kd5 67. Qd7+ Kc5 68. Qa7+ Kc4 69. Qa4+ Kc5 70. Qa7+ Kc4 71. Qa4+ 1/2-1/2

[Event "World Rapid 2019"]
[Site "Moscow RUS"]
[Date "2019.12.28"]
[Round "13.49"]
[White "Golubov, Saveliy"]
[Black "Bluebaum, Matthias"]
[Result "0-1"]
[WhiteTitle "IM"]
[BlackTitle "GM"]
[WhiteElo "2469"]
[BlackElo "2644"]
[WhiteFideId "24176729"]
[BlackFideId "24651516"]
[EventDate "2019.12.26"]

1. e4 e6 2. Nf3 d5 3. e5 c5 4. b4 b6 5. Be2 Nc6 6. b5 Na5 7. d4 Qc7 8. c3 Bd7 9.
a4 cxd4 10. cxd4 Nb3 11. Qxb3 Qxc1+ 12. Bd1 Rc8 13. O-O Nh6 14. Be2 Qc7 15. Nbd2
Be7 16. a5 bxa5 17. Qa2 Bb4 18. Nb3 Qb6 19. Nxa5 Bc3 20. Qa3 Bxa1 21. Rxa1 Bxb5
22. Rb1 a6 23. h3 Qc7 24. Kh2 Qe7 25. Bxb5+ axb5 26. Qd3 O-O 27. Rxb5 Nf5 28.
Qb3 Nh4 29. Ne1 Qg5 30. Qe3 Qxe3 0-1

[Event "World Rapid 2019"]
[Site "Moscow RUS"]
[Date "2019.12.28"]
[Round "13.50"]
[White "Ruck, Robert"]
[Black "Andriasian, Zaven"]
[Result "0-1"]
[WhiteTitle "GM"]
[BlackTitle "GM"]
[WhiteElo "2530"]
[BlackElo "2611"]
[WhiteFideId "705713"]
[BlackFideId "13302000"]
[EventDate "2019.12.26"]

1. Nf3 Nf6 2. c4 d6 3. d4 g6 4. g3 Bg7 5. Bg2 O-O 6. O-O Nbd7 7. Nc3 e5 8. h3
Re8 9. e4 a6 10. Re1 exd4 11. Nxd4 Rb8 12. Bf4 Ne5 13. b3 Bd7 14. Rc1 b5 15.
cxb5 axb5 16. Nd5 c5 17. Nxf6+ Qxf6 18. Nf3 Nxf3+ 19. Bxf3 Rb6 20. e5 dxe5 21.
Qxd7 Rd8 22. Bxe5 Rxd7 23. Bxf6 Rxf6 24. Re8+ Bf8 25. Kg2 Kg7 26. Rc2 Ra7 27.
Be2 Rb6 28. h4 h5 29. Rd2 Be7 30. Rc8 Rbb7 31. Bf1 Ra5 32. Be2 Rba7 33. Bf1 b4
34. Bc4 Bf6 35. Re8 Rxa2 36. Rxa2 Rxa2 37. Re2 Ra7 38. Kf3 Bd4 39. Kg2 Kf6 40.
Kf3 Ra1 41. Kg2 Rc1 42. Ra2 Rxc4 43. bxc4 b3 44. Ra3 b2 45. Rb3 Ke5 46. Kf3 f6
47. Ke2 g5 48. g4 gxh4 49. gxh5 Kf5 50. f4 Kg4 51. h6 f5 52. h7 h3 53. Kf1 Kxf4
54. Rb6 Ke4 55. Rb3 f4 0-1

[Event "World Rapid 2019"]
[Site "Moscow RUS"]
[Date "2019.12.28"]
[Round "13.51"]
[White "Alonso Rosell, Alvar"]
[Black "Potkin, Vladimir"]
[Result "0-1"]
[WhiteTitle "GM"]
[BlackTitle "GM"]
[WhiteElo "2548"]
[BlackElo "2583"]
[WhiteFideId "2270544"]
[BlackFideId "4131061"]
[EventDate "2019.12.26"]

1. d4 Nf6 2. Nf3 d5 3. c4 e6 4. e3 a6 5. Nbd2 c5 6. cxd5 exd5 7. dxc5 Bxc5 8.
Be2 Nc6 9. O-O O-O 10. Nb3 Bb6 11. Nbd4 Ne4 12. Bd2 Nxd4 13. Nxd4 Bxd4 14. exd4
Qb6 15. Bc3 Re8 16. Qa4 Bd7 17. Qxd7 Nf6 18. Qf5 Rxe2 19. Rfe1 Rae8 20. Rxe2
Rxe2 21. Qd3 Re6 22. Rc1 g6 23. b3 Ne4 24. Be1 Nd6 25. f3 Nf5 26. Bf2 h5 27. Rc5
Qb4 28. g3 Ne7 29. Kg2 b6 30. Rc2 a5 31. h3 Kg7 32. g4 hxg4 33. hxg4 Nc6 34. Rc1
a4 35. bxa4 Qxa4 36. Qd2 Qb4 37. Qg5 Qb2 38. Rh1 Re2 39. Qh6+ Kf6 40. Qh8+ Ke7
41. Qh4+ Kd7 42. Rd1 Qxa2 43. Kg1 Qb3 44. Rf1 Qxf3 45. Qg5 b5 46. Qh4 b4 47. g5
Re4 48. Qh1 Rg4+ 49. Kh2 Qxh1+ 50. Kxh1 Rxg5 51. Be3 Rf5 52. Re1 Rf6 53. Kg2 Re6
54. Kf2 Re4 55. Rd1 Kc7 56. Rc1 Kd6 57. Rd1 f5 58. Kf3 g5 59. Bxg5 Nxd4+ 60. Kf2
b3 61. Bf6 Kc5 62. Bg7 Kc4 63. Rc1+ Kd3 64. Rc8 b2 65. Rb8 Kc2 66. Rc8+ Kd1 67.
Rb8 Kc1 68. Rc8+ Nc2 0-1

[Event "World Rapid 2019"]
[Site "Moscow RUS"]
[Date "2019.12.28"]
[Round "13.52"]
[White "Huzman, Alexander"]
[Black "Ivanisevic, Ivan"]
[Result "1/2-1/2"]
[WhiteTitle "GM"]
[BlackTitle "GM"]
[WhiteElo "2567"]
[BlackElo "2593"]
[WhiteFideId "2803828"]
[BlackFideId "912417"]
[EventDate "2019.12.26"]

1. Nf3 c5 2. c4 Nc6 3. d4 cxd4 4. Nxd4 Nf6 5. g3 e6 6. Bg2 Bc5 7. Nb3 Be7 8. O-O
O-O 9. Nc3 d6 10. Bf4 a5 11. Rc1 h6 12. h3 a4 13. Nd2 a3 14. bxa3 Rxa3 15. Nb3
e5 16. Be3 Be6 17. Qd3 Qd7 18. Kh2 Nb4 19. Qb1 Rfa8 20. Nd2 d5 21. cxd5 Nfxd5
22. Nxd5 Bxd5 23. Nc4 Bxg2 24. Kxg2 Nxa2 25. Nb6 Qe6 26. Nxa8 Nxc1 27. Rxc1 Qd5+
28. Kh2 Rxa8 29. Rc7 Bd6 30. Rxb7 e4 1/2-1/2

[Event "World Rapid 2019"]
[Site "Moscow RUS"]
[Date "2019.12.28"]
[Round "13.53"]
[White "Popov, Ivan RUS"]
[Black "Khusnutdinov, Rustam"]
[Result "1/2-1/2"]
[WhiteTitle "GM"]
[BlackTitle "GM"]
[WhiteElo "2636"]
[BlackElo "2491"]
[WhiteFideId "4170350"]
[BlackFideId "13701703"]
[EventDate "2019.12.26"]

1. e4 e6 2. d4 d5 3. Nc3 Bb4 4. e5 c5 5. Bd2 Nh6 6. a3 Bxc3 7. Bxc3 cxd4 8. Qxd4
O-O 9. O-O-O b6 10. Nf3 Ba6 11. g4 Nc6 12. Qf4 Bxf1 13. Rhxf1 Rc8 14. h3 Qc7 15.
Qd2 a5 16. Qe2 Kh8 17. Kb1 Rfd8 18. Ng5 d4 19. Qe4 g6 20. Bxd4 Nxd4 21. Rxd4
Rxd4 22. Qxd4 Qxc2+ 23. Ka1 b5 24. Ne4 b4 25. Nd6 Rc5 26. Qf4 bxa3 27. Qf6+ Kg8
28. Qd8+ Kg7 29. Ne8+ Kg8 30. Nf6+ Kg7 31. Ne8+ 1/2-1/2

[Event "World Rapid 2019"]
[Site "Moscow RUS"]
[Date "2019.12.28"]
[Round "13.55"]
[White "Iljiushenok, Ilia"]
[Black "Khanin, Semen"]
[Result "1-0"]
[WhiteTitle "GM"]
[BlackTitle "IM"]
[WhiteElo "2521"]
[BlackElo "2500"]
[WhiteFideId "24105074"]
[BlackFideId "4111990"]
[EventDate "2019.12.26"]

1. e4 e5 2. Nf3 Nc6 3. d4 exd4 4. Nxd4 Nf6 5. Nxc6 bxc6 6. e5 Qe7 7. Qe2 Nd5 8.
c4 Nb6 9. b3 g6 10. g3 Bg7 11. Bb2 Bb7 12. Bg2 d6 13. O-O dxe5 14. Ba3 Qe6 15.
Nc3 f5 16. Rad1 Nd7 17. Qe3 e4 18. f3 c5 19. fxe4 O-O-O 20. Nd5 Bd4 21. Rxd4
cxd4 22. Qxd4 Nb6 23. exf5 gxf5 24. Bh3 Kb8 25. Bxf5 Qc6 26. Be4 Nxd5 27. cxd5
Qa6 28. Be7 Rde8 29. Bc5 Rhg8 30. Bf3 Rd8 31. a4 h5 32. b4 h4 33. b5 Qh6 34. g4
Qg5 35. Rd1 h3 36. a5 Kc8 37. a6 Ba8 38. Bxa7 Rgf8 39. b6 Rxf3 40. Qc4 Qe3+ 41.
Kh1 Rf7 42. b7+ Bxb7 43. axb7+ Kxb7 44. Bxe3 1-0

[Event "World Rapid 2019"]
[Site "Moscow RUS"]
[Date "2019.12.28"]
[Round "13.56"]
[White "Xu, Xiangyu"]
[Black "Sasikiran, Krishnan"]
[Result "1/2-1/2"]
[WhiteTitle "GM"]
[BlackTitle "GM"]
[WhiteElo "2582"]
[BlackElo "2656"]
[WhiteFideId "8608288"]
[BlackFideId "5004985"]
[EventDate "2019.12.26"]

1. e4 c5 2. Nc3 d6 3. d4 cxd4 4. Qxd4 Nc6 5. Qd2 g6 6. b3 Bh6 7. f4 Nf6 8. Bb2
e5 9. g3 O-O 10. O-O-O Bg4 11. Be2 Be6 12. Kb1 Rc8 13. Nf3 a6 14. Qe1 Qc7 15.
Bd3 Bg4 16. Rf1 Nd4 17. Nxd4 exd4 18. Ne2 Rfe8 19. h3 Bxe2 20. Qxe2 Nd5 21. Qf3
Nc3+ 22. Kc1 Nxa2+ 23. Kd2 Qa5+ 24. Ke2 Nb4 25. Ra1 Qc5 26. Ba3 Nxd3 27. Bxc5
Nxc5 28. e5 dxe5 29. fxe5 Rxe5+ 30. Kd1 Ne4 31. c4 d3 32. Qxf7+ Kh8 33. Rc1 Rce8
34. Qf3 Nc5 35. Qf6+ Bg7 36. Qd6 Nxb3 37. Qxd3 Re3 38. Qd5 R3e5 39. Qd3 Re3 40.
Qd5 R3e5 41. Qd3 Nc5 42. Qd6 Ne4 43. Qd3 Nc5 44. Qd6 Ne4 45. Qd3 1/2-1/2